Mixed Word: US Cities Quiz Stats

 Plays Quiz Updated Aug 23, 2012

Support Sporcle.
Go Orange.
Score 0/20 Timer 04:00
3 Plays Today
Scrambled City Unscrambled City % Correct
AMTAPTampa
94.7%
WENROYK*New York
93.4%
NERVEDDenver
93.4%
ACORNSCANSIF*San Francisco
87.6%
ININNCACTICincinnati
85.3%
PLAIDHEALHIPPhiladelphia
81.2%
ROTEDITDetroit
78.7%
MESHIMPMemphis
76.8%
PUTSBRIGHTPittsburgh
76.7%
SOJEANS*San Jose
70.2%
Scrambled City Unscrambled City % Correct
DIAGNOSE*San Diego
69.9%
LAIDAIONPINSIndianapolis
68.3%
ANATIONSON*San Antonio
61.7%
TOOSHUNHouston
60.5%
NOMINALPIESMinneapolis
58.4%
ISTUNAAustin
57.5%
STEELATSeattle
56.8%
RODLOANOrlando
49.6%
RENOWNSALE*New Orleans
46.5%
HEARTCLOTCharlotte
36.8%

You're not logged in!

Compare scores with friends on all Sporcle quizzes.
OR
Log In
Forgot?

From the Vault

Pick the Dr. Seuss Characters

by Pushcake

"You're off to Great Places! Today is your day! Your mountain is waiting, So... get on your way!"
Remove Ads.
Support Sporcle.
Get the best of Sporcle when you Go Orange. This ad-free experience offers more features, more stats, and more fun while also helping to support Sporcle. Thank you for becoming a member.

Show Comments

Extras

Top Quizzes Today


Score Distribution

Your Account Isn't Verified!

In order to create a playlist on Sporcle, you need to verify the email address you used during registration. Go to your Sporcle Settings to finish the process.

Report this User

Report this user for behavior that violates our Community Guidelines.

Details: